Fashion as creative economy (Record no. 5025)

MARC details
000 -CABECERA
campo de control de longitud fija 01603nam a22002537a 4500
008 - DATOS DE LONGITUD FIJA--INFORMACIÓN GENERAL
campo de control de longitud fija 251013b |||||||| |||| 00| 0 eng d
020 ## - NÚMERO INTERNACIONAL ESTÁNDAR DEL LIBRO
Número Internacional Estándar del Libro 9781509553846
040 ## - FUENTE DE LA CATALOGACIÓN
Centro/agencia transcriptor tbs
041 ## - CÓDIGO DE LENGUA
Código de lengua del texto/banda sonora o título independiente eng
050 ## - SIGNATURA TOPOGRÁFICA DE LA BIBLIOTECA DEL CONGRESO
Número de clasificación TT507
Número de documento/Ítem .M37 2023
100 ## - ENTRADA PRINCIPAL--NOMBRE DE PERSONA
Nombre de persona McRobbie, Angela
9 (RLIN) 26082
Término indicativo de función/relación author
245 ## - MENCIÓN DE TÍTULO
Título Fashion as creative economy
Resto del título : microenterprises in London, Berlin and Milan
Mención de responsabilidad, etc. / Angela McRobbie, Daniel Strutt and Carolina Bandinelli.
260 ## - PUBLICACIÓN, DISTRIBUCIÓN, ETC.
Lugar de publicación, distribución, etc. Cambridge ; Hoboken, NJ :
Nombre del editor, distribuidor, etc. Polity Press,
Fecha de publicación, distribución, etc. 2023.
300 ## - DESCRIPCIÓN FÍSICA
Extensión vii, 195 pages :
Otras características físicas illustrations ;
Dimensiones 22 cm.
504 ## - NOTA DE BIBLIOGRAFÍA, ETC.
Nota de bibliografía, etc. Includes bibliographical references and index.
520 ## - SUMARIO, ETC.
Sumario, etc. This book contributes to a new sociology of fashion. Focusing on the working lives of independent designers and drawing on ethnographic research and interviews carried out in London, Berlin and Milan, the authors consider the urban policy regimes in place in these cities. They analyse how these regimes shape the microenterprises and the emerging political economy, as well as the structures needed for designers to flourish. They also develop several key concepts - the "milieu of fashion labour", "social fashion" and "fashion diversity - and chart the new world of digital fashion-tech and e-commerce.
650 #0 - PUNTO DE ACCESO ADICIONAL DE MATERIA--TÉRMINO DE MATERIA
Término de materia o nombre geográfico como elemento de entrada Fashion
Subdivisión general Economic aspects
Subdivisión geográfica London (England)
9 (RLIN) 26083
650 #0 - PUNTO DE ACCESO ADICIONAL DE MATERIA--TÉRMINO DE MATERIA
Término de materia o nombre geográfico como elemento de entrada Clothing trade
Subdivisión geográfica London (England)
9 (RLIN) 26084
650 #0 - PUNTO DE ACCESO ADICIONAL DE MATERIA--TÉRMINO DE MATERIA
Término de materia o nombre geográfico como elemento de entrada Fashion
Subdivisión general Economic aspects
Subdivisión geográfica Berlin (Germany)
9 (RLIN) 26085
650 #0 - PUNTO DE ACCESO ADICIONAL DE MATERIA--TÉRMINO DE MATERIA
Término de materia o nombre geográfico como elemento de entrada Clothing trade
Subdivisión geográfica Berlin (Germany)
9 (RLIN) 26086
650 #0 - PUNTO DE ACCESO ADICIONAL DE MATERIA--TÉRMINO DE MATERIA
Término de materia o nombre geográfico como elemento de entrada Fashion
Subdivisión general Economic aspects
Subdivisión geográfica Milan (Italy)
9 (RLIN) 26087
650 #0 - PUNTO DE ACCESO ADICIONAL DE MATERIA--TÉRMINO DE MATERIA
Término de materia o nombre geográfico como elemento de entrada Clothing trade
Subdivisión geográfica Milan (Italy)
9 (RLIN) 26088
942 ## - ELEMENTOS DE ENTRADA AGREGADA (KOHA)
Fuente del sistema de clasificación o colocación Clasificación de Library of Congress
Holdings
Estado de retiro Estado de pérdida Fuente del sistema de clasificación o colocación Estado dañado No para préstamo Biblioteca de origen Biblioteca actual Fecha de adquisición Total de préstamos Signatura topográfica completa Código de barras Fecha visto por última vez Número de copia Precio válido a partir de Tipo de ítem Koha
    Clasificación de Library of Congress     TBS Barcelona TBS Barcelona 13/10/2025   TT507 MCR B05858 13/10/2025 1 13/10/2025 Book

Powered by Koha